Normal view
MARC view
- Anjaly P.R
Entry Personal Name
001 - CONTROL NUMBER
- control field: 5340
003 - CONTROL NUMBER IDENTIFIER
- control field: OSt
005 - DATE AND TIME OF LATEST TRANSACTION
- control field: 20221202111036.0
008 - FIXED-LENGTH DATA ELEMENTS
- fixed length control field: 221202|| aca||aabn | a|a d
040 ## - CATALOGING SOURCE
- Original cataloging agency: OSt
- Transcribing agency: OSt
100 ## - HEADING--PERSONAL NAME
- Personal name: Anjaly P.R
- Personal name: Sanjay V.R
- Personal name: Saranya Sasi
670 ## - SOURCE DATA FOUND
- Source citation: Work cat.: (OSt)17599: Anjaly P.R Sanjay V.R Saranya Sasi, Study on mechanical deseeding of jackfruit bulb, 2022
